A survey of bonpo monasteries and temples in Tibet and the himalayas / (Record no. 37846)
[ view plain ]
| 000 -LEADER | |
|---|---|
| fixed length control field | 00865nam a22002177a 4500 |
| 005 - DATE AND TIME OF LATEST TRANSACTION | |
| control field | 20100727105157.0 |
| 010 ## - LCCN (DPL NO) | |
| LC control number | ENG-96901 |
| 020 ## - INTERNATIONAL STANDARD BOOK NUMBER | |
| International Standard Book Number | 818656103-X |
| Terms of availability | 2795.00 |
| 035 ## - SYSTEM CONTROL NUMBER | |
| System control number | EN-80434 |
| 037 ## - SOURCE OF ACQUISITION | |
| Source of stock number/acquisition | DBAD/PUB |
| 082 ## - DEWEY DECIMAL CLASSIFICATION NUMBER | |
| Classification number | 299.0954 |
| 245 ## - TITLE STATEMENT | |
| Title | A survey of bonpo monasteries and temples in Tibet and the himalayas / |
| Statement of responsibility, etc | edited by Samten G. Karmay and Yasuhiko Nagano |
| 260 ## - PUBLICATION, DISTRIBUTION, ETC. (IMPRINT) | |
| Place of publication, distribution, etc | Delhi |
| Name of publisher, distributor, etc | Saujanya Publications |
| Date of publication, distribution, etc | 2008 |
| 270 ## - ADDRESS | |
| Address | 165-E, Kamla Nagar, |
| City | Delhi |
| Postal code | 110007 |
| 300 ## - PHYSICAL DESCRIPTION | |
| Extent | 883p.: |
| Other physical details | ill. |
| Dimensions | 25cm, (Hb) |
| Accompanying material | b/w photographs and folded maps |
| 500 ## - GENERAL NOTE | |
| General note | includes index |
| 710 ## - ADDED ENTRY--CORPORATE NAME | |
| Corporate name or jurisdiction name as entry element | Karmay, Samten G. |
| 9 (RLIN) | 1640 |
| 710 ## - ADDED ENTRY--CORPORATE NAME | |
| Corporate name or jurisdiction name as entry element | Nagano, Yasuhiko |
| 9 (RLIN) | 1641 |
| 942 ## - ADDED ENTRY ELEMENTS (KOHA) | |
| Source of classification or shelving scheme | Dewey Decimal Classification |
| Item type | English Books |
| Classification part | 299.0954 |
| Call number suffix | SUR |
| Withdrawn status | Lost status | Not for loan | Collection code | Home library | Current library | Date acquired | Source of acquisition | Cost, normal purchase price | Full call number | Barcode | Copy number | Cost, replacement price | Koha item type |
|---|---|---|---|---|---|---|---|---|---|---|---|---|---|
| Not For Loan | Non-fiction | D.B.Act.Division | D.B.Act.Division | 27/07/2010 | DBAD/PUB | 2795.00 | 299.0954 SUR | EN-80434 | 1 | 2795.00 | English Books |
